000 00874cam a2200241 4500
001 ABS62280
008 000000n2000 000 0 eng u
035 _a(Sirsi) u106332
100 _aAllder, G.
245 _aStepping off the gas...
260 _c2000
490 _aMunicipal Journal
_v 19-25 May 2000, 22-24(2)
520 _aDiscusses the thermal insulation standards required within the government's new building regulations. Considers measures that might be taken to bring existing properties into line with the new standards.
590 _aABS
650 _aENERGY EFFICIENCY
650 _aTHERMAL INSULATION STANDARDS
650 _aBUILDING REGULATIONS
_96224
650 _aDRAUGHT PROOFING
650 _aLOFT INSULATION
650 _aCOUNCIL FOR ENERGY EFFICIENCY DEVELOPMENT
690 _aBUILDING AND CONSTRUCTION-ENERGY MANAGEMENT
942 _n0
999 _c63681
_d63681